01468nab a2200421 a 450000100060000000300080000600500170001400600190003100700150005000800410006502200140010602200380012003500210015804000260017905000240020508000100022910000300023922200120026924501330028126000340041430000150044836200470046353301640051054600310067460000170070565000410072265000160076365000280077965000200080765000250082765000140085265000380086665000160090465500320092071000190095274000130097185600620098445112FlNmELB20241216231654.0m o d | cr cn|||||||||200611r20032006mx |||||s|||||||||||spa d a1665-1219 z1665-121923 ( Ed. electrónica ) a(OCoLC)847473014 aFlNmELBbspacFlNmELB 4aHF1379bG569 2003eb a339.51 aGómez Chiñas, Carlos. 0aAportes13aDe Adam Smith a List, ℗¿del libre comercio al proteccionismo?h[recurso electronico]cCarlos Ǵomez Chĩnas. aPuebla :bRed Aportes,c2003. a103-113 p.0 aVol. 8, Núm. 024 (Septiembre-Dic. 2003)- aRecurso electrónico. Santa Fe, Arg.: e-libro, 2015. Disponible vía World Wide Web. El acceso puede estar limitado para las bibliotecas afiliadas a e-libro. aArtículos en castellano.10aSmith, Adam. 4aSistemas económicos internacional. 4aEconomía. 4aComercio internacional. 4aLibre comercio. 0aInternational trade. 0aCommerce. 0aInternational economic relations. 0aFree trade. 4aArtículos electrónicos.2 ae-libro, Corp.02aAportes.40uhttps://elibro.net/ereader/politecnicointernacional/23799